Development of Nano-polymer Based Dialysis Membrane / (Record no. 610781)

000 -LEADER
fixed length control field 02049nam a22001577a 4500
082 ## - DEWEY DECIMAL CLASSIFICATION NUMBER
Classification number 610
100 ## - MAIN ENTRY--PERSONAL NAME
Personal name Mazhar, Somia
245 ## - TITLE STATEMENT
Title Development of Nano-polymer Based Dialysis Membrane /
Statement of responsibility, etc. Somia Mazhar
264 ## - PRODUCTION, PUBLICATION, DISTRIBUTION, MANUFACTURE, AND COPYRIGHT NOTICE
Place of production, publication, distribution, manufacture Islamabad :
Name of producer, publisher, distributor, manufacturer SMME- NUST;
Date of production, publication, distribution, manufacture, or copyright notice 2024.
300 ## - PHYSICAL DESCRIPTION
Extent 79p.
Other physical details Soft Copy
Dimensions 30cm
500 ## - GENERAL NOTE
General note The kidneys are essential for preserving the body's internal balance. However, kidney<br/>illnesses impact millions of people globally and pose a serious threat to public health.<br/>Hemodialysis membranes based on polyethersulfone (PES) can offer patients with renal<br/>impairment a life-sustaining therapeutic method. Nevertheless, the intrinsic hydrophobic<br/>nature of PES contributes to an inefficiency of uremic toxin clearance and a<br/>compromised hemocompatibility. This work evaluates the effects of hydrophilic<br/>additives, SiO2 nanoparticles, on the functionality of polyethersulfone (PES) membranes.<br/>NMP was used as the solvent in the non-solvent phase inversion procedure to create the<br/>membranes. Tensile testing, porosity, contact angle analysis, FTIR, and scanning electron<br/>microscopy were used to characterize the manufactured membranes. The SEM images<br/>demonstrated the successful fabrication of the membranes. Each membrane possessed a<br/>thin skin layer and an asymmetric porous framework. As a result of the synergistic effect,<br/>the membrane with the highest nanoparticles concentration performed better. The<br/>membrane having the highest nanoparticles concentration had excellent hydrophilicity,<br/>increased porosity, and a high-water retention capacity. Moreover, they showed a urea<br/>clearance of 76.5%, a pure water flux of 94 L/m²/h, and an outstanding BSA rejection of<br/>96.56%. RSM modelling was employed to determine the urea clearance that verified the<br/>ideal conditions for urea removal were concentrations of 1200 mg/L and 0.6 MPa.
650 ## - SUBJECT ADDED ENTRY--TOPICAL TERM
Topical term or geographic name entry element MS Biomedical Sciences (BMS)
700 ## - ADDED ENTRY--PERSONAL NAME
Personal name Supervisor : Dr. Adeeb Shehzad
856 ## - ELECTRONIC LOCATION AND ACCESS
Uniform Resource Identifier <a href="http://10.250.8.41:8080/xmlui/handle/123456789/45219">http://10.250.8.41:8080/xmlui/handle/123456789/45219</a>
942 ## - ADDED ENTRY ELEMENTS (KOHA)
Source of classification or shelving scheme
Koha item type Thesis
Holdings
Withdrawn status Permanent Location Current Location Shelving location Date acquired Full call number Barcode Koha item type
  School of Mechanical & Manufacturing Engineering (SMME) School of Mechanical & Manufacturing Engineering (SMME) E-Books 08/06/2024 610 SMME-TH-1038 Thesis
© 2023 Central Library, National University of Sciences and Technology. All Rights Reserved.